|
|
|
|
| LEADER |
01080nab a2200181 i 4500 |
| 001 |
univ70050 |
| 005 |
20240430130221.0 |
| 008 |
240430s2024 hu o 000 hun d |
| 040 |
|
|
|a SZTE UnivHistória Repozitórium
|b hun
|
| 041 |
|
|
|a hun
|
| 100 |
1 |
|
|a Rafai Gábor
|
| 245 |
1 |
0 |
|a Számoló medvék szállták meg a Stefániát
|h [elektronikus dokumentum] :
|b matematikai akadályversenyt vívtak /
|c Rafai Gábor
|
| 260 |
|
|
|c 2024-04-28
|
| 490 |
0 |
|
|a Szeged.hu
|
| 561 |
|
|
|a Egyetemi hirarchívum
|
| 695 |
|
|
|a Tanulmányi verseny - Tavaszi Medve Szabadtéri Csapatverseny 2024, Köszöntő - Kosztolányi József - egyetemi docens - Rátz Tanár Úr Életműdíj, Analízis Tanszék, Bolyai Intézet, Természettudományi és Informatikai Kar – TTIK, Ismeretterjesztés - matematika, Általános iskolai tanulók, Középiskolai diákok
|
| 700 |
0 |
1 |
|a Kuklis István
|
| 856 |
4 |
0 |
|u http://univ.bibl.u-szeged.hu/70050/1/Szeged.hu%20-%20Sz%C3%A1mol%C3%B3%20medv%C3%A9k%20sz%C3%A1llt%C3%A1k%20meg%20a%20Stef%C3%A1ni%C3%A1t_%20matematikai%20akad%C3%A1lyversenyt%20v%C3%ADvtak.pdf
|z Dokumentum-elérés
|